[Event "Paris Apsap op 50th"]
[Site "Paris"]
[Date "2002.??.??"]
[Round "4"]
[White "Schaeffer, Vincent"]
[Black "Krivokapic, Ratko"]
[Result "1/2-1/2"]
[WhiteElo "1730"]
[BlackElo "2284"]
[PlyCount "130"]
[EventDate "2002.02.21"]
[EventType "swiss"]
[EventRounds "9"]
[EventCountry "FRA"]
[SourceTitle "EXT 2003"]
[Source "ChessBase"]
[SourceDate "2002.11.25"]
[SourceVersion "1"]
[SourceVersionDate "2002.11.25"]
[SourceQuality "1"]

1. d4 g6 2. Nf3 Bg7 3. c4 d6 4. Nc3 c5 5. e3 cxd4 6. exd4 Nf6 7. h3 0-0 8. Bd3 Nc6 9. 0-0 d5 10. c5 b6 11. Bb5 Bb7 12. Bxc6 Bxc6 13. b4 bxc5 14. bxc5 Ne4 15. Qd3 Qa5 16. Bd2 Qa3 17. Qc2 Rab8 18. Rfb1 Nxd2 19. Qxd2 a5 20. Rb6 Rxb6 21. cxb6 Qd6 22. Rb1 f6 23. Nb5 Qd7 24. Qxa5 e5 25. Qb4 Rb8 26. Nc3 e4 27. Nd2 Bf8 28. Qb3 f5 29. Nf1 Bb7 30. Ne3 Rd8 31. Ncxd5 Bxd5 32. Nxd5 Qxd5 33. Qxd5+ Rxd5 34. b7 Bd6 35. b8Q+ Bxb8 36. Rxb8+ Kg7 37. Rb4 h5 38. Kf1 f4 39. Ke2 Rg5 40. Kf1 Rd5 41. a4 h4 42. Ke2 Rg5 43. d5 Re5 44. f3 exf3+ 45. Kxf3 g5 46. Rd4 Re3+ 47. Kf2 Kf7 48. d6 Ke8 49. d7+ Kd8 50. Rd5 Rg3 51. a5 f3 52. gxf3 Rxh3 53. Rxg5 Rh1 54. Rg1 Rh2+ 55. Rg2 Rh1 56. a6 Ra1 57. a7 Kxd7 58. Rg4 Ke6 59. Rxh4 Rxa7 60. Kg3 Ra5 61. f4 Ra1 62. Rh5 Rg1+ 63. Kf2 Ra1 64. Re5+ Kf6 65. Kf3 Rf1+ 1/2-1/2

[Event "Paris-ch op"]
[Site "Paris"]
[Date "2000.07.20"]
[Round "6"]
[White "Krivokapic, Ratko"]
[Black "Belluire, Patrice"]
[Result "1-0"]
[WhiteElo "2286"]
[BlackElo "2124"]
[PlyCount "65"]
[EventDate "2000.07.15"]
[EventType "swiss"]
[EventRounds "9"]
[EventCountry "FRA"]
[SourceTitle "EXT 2001"]
[Source "ChessBase"]
[SourceDate "2000.11.22"]
[SourceVersion "1"]
[SourceVersionDate "2000.11.22"]
[SourceQuality "1"]

1. e4 d5 2. exd5 Nf6 3. Bb5+ Bd7 4. Be2 Bf5 5. d4 Nxd5 6. Nf3 e6 7. 0-0 Nc6 8. a3 Be7 9. c4 Nb6 10. h3 Bf6 11. Be3 h6 12. b4 a6 13. Nc3 Qd7 14. Qd2 0-0 15. Rfd1 a5 16. b5 Ne7 17. Ne5 Bxe5 18. dxe5 Rfd8 19. Qe1 Qe8 20. Rxd8 Rxd8 21. c5 Nbd5 22. Nxd5 Nxd5 23. Qxa5 Qf8 24. Qd2 Nf4 25. Qe1 Nd5 26. Qc1 g5 27. Bd2 Qg7 28. Qb2 Nf4 29. Bxf4 gxf4 30. Kh2 Rd5 31. Bf3 Rxc5 32. Bxb7 Rxe5 33. a4 1-0

[Event "Paris-ch op"]
[Site "Paris"]
[Date "2000.07.17"]
[Round "3"]
[White "Dimitrov, Vladimir"]
[Black "Krivokapic, Ratko"]
[Result "1-0"]
[WhiteElo "2499"]
[BlackElo "2286"]
[PlyCount "81"]
[EventDate "2000.07.15"]
[EventType "swiss"]
[EventRounds "9"]
[EventCountry "FRA"]
[SourceTitle "EXT 2001"]
[Source "ChessBase"]
[SourceDate "2000.11.22"]
[SourceVersion "1"]
[SourceVersionDate "2000.11.22"]
[SourceQuality "1"]

1. e4 c5 2. Nf3 e6 3. Nc3 d6 4. d4 cxd4 5. Nxd4 Nc6 6. Be3 Be7 7. Qd2 Nf6 8. f3 a6 9. 0-0-0 Nxd4 10. Qxd4 e5 11. Qd2 Be6 12. g4 h6 13. h4 Qa5 14. Qf2 Nd7 15. Kb1 b5 16. Nd5 Rb8 17. Bd2 b4 18. Bc4 Qc5 19. Qxc5 Nxc5 20. Be3 Rc8 21. Be2 Bxd5 22. Rxd5 a5 23. Bb5+ Kf8 24. h5 Kg8 25. Rc1 Kh7 26. c3 Rb8 27. cxb4 axb4 28. Bc4 Ne6 29. Ra5 Bg5 30. Bxe6 fxe6 31. Bxg5 hxg5 32. Ra7 Ra8 33. Rb7 Rab8 34. Rcc7 Rxb7 35. Rxb7 Rf8 36. Rxb4 Rxf3 37. a4 d5 38. a5 Rf4 39. a6 dxe4 40. a7 e3 41. Rxf4 1-0

[Event "Paris-ch op"]
[Site "Paris"]
[Date "1999.07.21"]
[Round "5"]
[White "Appendino, Jerome"]
[Black "Krivokapic, Ratko"]
[Result "1-0"]
[WhiteElo "2180"]
[BlackElo "2244"]
[PlyCount "73"]
[EventDate "1999.07.17"]
[EventType "swiss"]
[EventRounds "9"]
[EventCountry "FRA"]
[SourceTitle "EXT 2000"]
[Source "ChessBase"]
[SourceDate "1999.11.16"]
[SourceVersion "1"]
[SourceVersionDate "1999.11.16"]
[SourceQuality "1"]

1. e4 c5 2. Nf3 e6 3. d4 cxd4 4. Nxd4 Nf6 5. Nc3 Nc6 6. Be3 Bb4 7. Bd3 d5 8. Nxc6 bxc6 9. exd5 cxd5 10. 0-0 0-0 11. Bd4 Re8 12. f4 Qe7 13. Kh1 Bc5 14. Bxf6 Qxf6 15. f5 exf5 16. Nxd5 Qh6 17. Bxf5 Bd6 18. Nf6+ gxf6 19. Qxd6 Bxf5 20. Rxf5 Re6 21. Qg3+ Kh8 22. Raf1 Rae8 23. h3 Rg8 24. Qf4 Qg6 25. Qf2 Rg7 26. c4 h6 27. b4 Kh7 28. c5 Rg8 29. a4 Rb8 30. b5 Rc8 31. Rxf6 Rxf6 32. Qxf6 Rxc5 33. Qxf7+ Qg7 34. Qe6 Rc7 35. a5 Re7 36. Qf5+ Kg8 37. Rd1 1-0

[Event "Bois Colombes"]
[Site "Bois Colombes"]
[Date "1999.04.30"]
[Round "7"]
[White "Grimberg, Gilbert"]
[Black "Krivokapic, Ratko"]
[Result "1-0"]
[WhiteElo "2261"]
[BlackElo "2216"]
[PlyCount "85"]
[EventDate "1999.04.??"]
[EventType "tourn"]
[EventRounds "9"]
[EventCountry "FRA"]
[EventCategory "3"]
[SourceTitle "CBM 070 Extra"]
[Source "ChessBase"]
[SourceDate "1999.07.10"]
[SourceVersion "1"]
[SourceVersionDate "1999.07.10"]
[SourceQuality "1"]

1. e4 c5 2. c3 Nf6 3. d3 Nc6 4. f4 d6 5. Nf3 e5 6. Na3 Be7 7. Be2 Bg4 8. fxe5 dxe5 9. Nc4 Qc7 10. a4 Rd8 11. Qc2 Nh5 12. Ne3 Be6 13. g3 0-0 14. 0-0 g6 15. Ne1 Ng7 16. Bf3 f5 17. Nd5 Qd6 18. Ng2 c4 19. dxc4 fxe4 20. Qxe4 Bf5 21. Nxe7+ Qxe7 22. Qh4 Qc7 23. Bd5+ Kh8 24. Be3 Bd3 25. Rxf8+ Rxf8 26. Qh6 Rf5 27. g4 Rf8 28. Nh4 Ne7 29. h3 Bxc4 30. Bxc4 Qxc4 31. Bf2 Kg8 32. Qe3 Nc6 33. Nf3 e4 34. Nd2 Qf7 35. Nxe4 Ne5 36. Ng5 Qe7 37. Re1 Qxg5 38. Qxe5 Qd2 39. Bd4 Rf7 40. Qb8+ Rf8 41. Qe5 Rf7 42. Rf1 Rxf1+ 43. Kxf1 1-0

[Event "Bois Colombes"]
[Site "Bois Colombes"]
[Date "1999.04.29"]
[Round "6"]
[White "Krivokapic, Ratko"]
[Black "Gervasio, Ricardo"]
[Result "0-1"]
[WhiteElo "2216"]
[BlackElo "2369"]
[PlyCount "90"]
[EventDate "1999.04.??"]
[EventType "tourn"]
[EventRounds "9"]
[EventCountry "FRA"]
[EventCategory "3"]
[SourceTitle "CBM 070 Extra"]
[Source "ChessBase"]
[SourceDate "1999.07.10"]
[SourceVersion "1"]
[SourceVersionDate "1999.07.10"]
[SourceQuality "1"]

1. Nf3 d5 2. g3 Nf6 3. Bg2 Bf5 4. b3 c5 5. Bb2 Nc6 6. 0-0 e6 7. d3 Be7 8. Nbd2 0-0 9. Nh4 Bg4 10. h3 Bh5 11. g4 Ne8 12. Nhf3 Bg6 13. e4 Nc7 14. Re1 f5 15. gxf5 exf5 16. exd5 Nxd5 17. Ne5 Nf4 18. Bxc6 Nxh3+ 19. Kf1 Nxf2 20. Qf3 Ne4 21. Qg2 bxc6 22. dxe4 fxe4+ 23. Kg1 c4 24. Nxe4 Bxe4 25. Qxe4 Bc5+ 26. Kh1 Qg5 27. Qxc4+ Kh8 28. Re2 Bf2 29. Qg4 Qh6+ 30. Kg2 Rf4 31. Nf7+ Rxf7 32. Rxf2 Rxf2+ 33. Kxf2 Qh2+ 34. Kf3 Rf8+ 35. Ke3 Qf2+ 36. Kd3 Rf3+ 37. Kc4 Rf4+ 38. Qxf4 Qxf4+ 39. Bd4 Kg8 40. Rg1 g5 41. c3 Qf5 42. b4 h5 43. Kb3 h4 44. Re1 h3 45. Re5 Qg6 0-1

[Event "Bois Colombes"]
[Site "Bois Colombes"]
[Date "1999.04.28"]
[Round "4"]
[White "Krivokapic, Ratko"]
[Black "Plane, Boris"]
[Result "1/2-1/2"]
[WhiteElo "2216"]
[BlackElo "2132"]
[PlyCount "64"]
[EventDate "1999.04.??"]
[EventType "tourn"]
[EventRounds "9"]
[EventCountry "FRA"]
[EventCategory "3"]
[SourceTitle "CBM 070 Extra"]
[Source "ChessBase"]
[SourceDate "1999.07.10"]
[SourceVersion "1"]
[SourceVersionDate "1999.07.10"]
[SourceQuality "1"]

1. Nf3 d6 2. g3 g6 3. d4 Bg7 4. Bg2 Nd7 5. e4 c5 6. 0-0 Qb6 7. c3 Ngf6 8. Re1 0-0 9. Nbd2 Rd8 10. h3 e6 11. e5 Ne8 12. Nc4 Qa6 13. Bf1 b5 14. Nxd6 Nxd6 15. exd6 Qxd6 16. dxc5 Qxc5 17. Be3 Qc6 18. Bg2 Bb7 19. Nh4 Qc7 20. Bxb7 Qxb7 21. Qf3 Qc7 22. Qg2 Nb6 23. Rad1 Nc4 24. Bc1 Rac8 25. Nf3 Qc6 26. Ng5 Qxg2+ 27. Kxg2 h6 28. Nf3 Rxd1 29. Rxd1 f5 30. Nd2 Rd8 31. Rf1 b4 32. cxb4 Nxb2 1/2-1/2

[Event "Bois Colombes"]
[Site "Bois Colombes"]
[Date "1999.04.27"]
[Round "2"]
[White "Krivokapic, Ratko"]
[Black "Velikov, Petar"]
[Result "0-1"]
[WhiteElo "2216"]
[BlackElo "2492"]
[PlyCount "66"]
[EventDate "1999.04.??"]
[EventType "tourn"]
[EventRounds "9"]
[EventCountry "FRA"]
[EventCategory "3"]
[SourceTitle "CBM 070 Extra"]
[Source "ChessBase"]
[SourceDate "1999.07.10"]
[SourceVersion "1"]
[SourceVersionDate "1999.07.10"]
[SourceQuality "1"]

1. e4 c5 2. Nf3 e6 3. d4 cxd4 4. Nxd4 a6 5. c4 Qc7 6. Nc3 Nf6 7. Qe2 h6 8. g4 d6 9. Bg2 Nbd7 10. h4 Ne5 11. g5 hxg5 12. hxg5 Rxh1+ 13. Bxh1 Nfd7 14. b3 Nc5 15. Bd2 g6 16. 0-0-0 b5 17. cxb5 Ncd3+ 18. Kb1 Qc5 19. Qe3 Bd7 20. Nc2 Nxf2 21. Rf1 Nxh1 22. Rxh1 Qxe3 23. Bxe3 axb5 24. Rd1 Rc8 25. Kb2 Nf3 26. Nd4 Bg7 27. Nce2 Ne5 28. Ka3 Ra8+ 29. Kb4 Bf8 30. Nxb5 d5+ 31. Bc5 Rb8 32. Ned4 Bxb5 33. Nxb5 Nc6+ 0-1